000 00595nam a2200193 u 4500
005 20240314063636.0
008 080613s2007 ea r 000 0 spa d
020 _a1404271864
035 _aUPN01000156862
049 _aI
050 4 _aPZ7
_bR6.7
100 1 _aRoza, Greg,
_d1971-
_933672
245 1 3 _aEl robot desordenado /
_cGreg Roza ; tr. MarĂ­a Cristina Brusca.
260 _aNew York :
_bRosen Classroom Books & Materials,
_c2007.
300 _a16 p. :
_bil. col.
440 0 _aLecturas del barrio.
_pHumor
650 4 _aCuentos infantiles estadounidenses
_910762
905 _aInfantil
999 _c128976
_d128976